Subaltern studies I : (Record no. 18523)

MARC details
000 -LEADER
fixed length control field 02636cas a2200637 a 4500
001 - CONTROL NUMBER
control field 11370585
003 - CONTROL NUMBER IDENTIFIER
control field BDDh-ASL
005 - DATE AND TIME OF LATEST TRANSACTION
control field 20231015025718.0
008 - FIXED-LENGTH DATA ELEMENTS--GENERAL INFORMATION
fixed length control field 821021d1982 ii ar 0 0eng c
010 ## - LIBRARY OF CONGRESS CONTROL NUMBER
LC control number 90641861
Canceled/invalid LC control number sn 84010523
016 7# - NATIONAL BIBLIOGRAPHIC AGENCY CONTROL NUMBER
Record control number 016792785
Source DE-101
016 7# - NATIONAL BIBLIOGRAPHIC AGENCY CONTROL NUMBER
Record control number 1150771-8
Source DE-600
035 ## - SYSTEM CONTROL NUMBER
System control number (OCoLC)ocm08879988
040 ## - CATALOGING SOURCE
Original cataloging agency GSU
Language of cataloging eng
Transcribing agency GSU
Modifying agency BDDh-ASL
-- HUL
-- NST
-- DLC
-- NST
-- DLC
-- COO
-- NST
-- IUL
-- NST
-- SYS
-- HNK
-- NLGGC
-- RBN
-- HEBIS
-- GBVCP
-- OCLCQ
-- OCLCF
-- OCLCO
-- OCL
-- IUL
-- GILDS
-- OCLCO
-- OCLCQ
-- L2U
042 ## - AUTHENTICATION CODE
Authentication code pcc
043 ## - GEOGRAPHIC AREA CODE
Geographic area code az-----
050 00 - LIBRARY OF CONGRESS CALL NUMBER
Classification number DS331
Item number .S83
082 00 - DEWEY DECIMAL CLASSIFICATION NUMBER
Classification number 954
Edition number 20
Item number SUB
245 00 - TITLE STATEMENT
Title Subaltern studies I :
Remainder of title writings on South Asian history and society/
Statement of responsibility, etc. edited by Ranajit Guha.
246 30 - VARYING FORM OF TITLE
Title proper/short title Writings on South Asian history and society
260 ## - PUBLICATION, DISTRIBUTION, ETC.
Place of publication, distribution, etc. Delhi :
-- New York :
Name of publisher, distributor, etc. Oxford University Press,
Date of publication, distribution, etc. 1982-
300 ## - PHYSICAL DESCRIPTION
Extent v-1, 241 p.:
Other physical details illustrations ;
Dimensions 23-24 cm
310 ## - CURRENT PUBLICATION FREQUENCY
Current publication frequency Annual
336 ## - CONTENT TYPE
Content type term text
Content type code txt
Source rdacontent
337 ## - MEDIA TYPE
Media type term unmediated
Media type code n
Source rdamedia
338 ## - CARRIER TYPE
Carrier type term volume
Carrier type code nc
Source rdacarrier
362 0# - DATES OF PUBLICATION AND/OR SEQUENTIAL DESIGNATION
Dates of publication and/or sequential designation 1-
362 1# - DATES OF PUBLICATION AND/OR SEQUENTIAL DESIGNATION
Dates of publication and/or sequential designation Ceased with 12 in 2005.
500 ## - GENERAL NOTE
General note Edited by Ranajit Guha, 1982-1989.
500 ## - GENERAL NOTE
General note Selected essays from v. 1-5 published in the collection: Selected subaltern studies.
500 ## - GENERAL NOTE
General note Some issues also have distinctive titles.
500 ## - GENERAL NOTE
General note Published: New York : Columbia University Press, v. 11-
515 ## - NUMBERING PECULIARITIES NOTE
Numbering peculiarities note No vols. published for 1986 and 1988.
588 ## - SOURCE OF DESCRIPTION NOTE
Source of description note Latest issue consulted: 11, published in 2000.
590 ## - LOCAL NOTE (RLIN)
Local note SERBIB/SERLOC merged record
650 #7 - SUBJECT ADDED ENTRY--TOPICAL TERM
Topical term or geographic name entry element 15.75 history of Asia.
Authority record control number or standard number (NL-LeOCL)077599616
Source of heading or term bcl
650 #7 - SUBJECT ADDED ENTRY--TOPICAL TERM
Topical term or geographic name entry element Social conditions
Source of heading or term fast
Authority record control number or standard number (OCoLC)fst01919811
650 17 - SUBJECT ADDED ENTRY--TOPICAL TERM
Topical term or geographic name entry element Sociale aspecten.
Source of heading or term gtt
650 17 - SUBJECT ADDED ENTRY--TOPICAL TERM
Topical term or geographic name entry element Sociaal-economische geschiedenis.
Source of heading or term gtt
650 17 - SUBJECT ADDED ENTRY--TOPICAL TERM
Topical term or geographic name entry element Politieke geschiedenis.
Source of heading or term gtt
651 #0 - SUBJECT ADDED ENTRY--GEOGRAPHIC NAME
Geographic name South Asia
General subdivision History
Form subdivision Periodicals.
651 #0 - SUBJECT ADDED ENTRY--GEOGRAPHIC NAME
Geographic name South Asia
General subdivision Social conditions
Form subdivision Periodicals.
651 #7 - SUBJECT ADDED ENTRY--GEOGRAPHIC NAME
Geographic name South Asia.
Source of heading or term fast
Authority record control number or standard number (OCoLC)fst01244520
655 #7 - INDEX TERM--GENRE/FORM
Genre/form data or focus term History.
Source of term fast
Authority record control number or standard number (OCoLC)fst01411628
655 #7 - INDEX TERM--GENRE/FORM
Genre/form data or focus term Periodicals.
Source of term fast
Authority record control number or standard number (OCoLC)fst01411641
655 #7 - INDEX TERM--GENRE/FORM
Genre/form data or focus term History (form)
Authority record control number or standard number (NL-LeOCL)088143147
Source of term gtt
655 #7 - INDEX TERM--GENRE/FORM
Genre/form data or focus term Periodicals.
Source of term lcgft
700 1# - ADDED ENTRY--PERSONAL NAME
Personal name Guha, Ranajit.
730 0# - ADDED ENTRY--UNIFORM TITLE
Uniform title Subaltern studies.
776 08 - ADDITIONAL PHYSICAL FORM ENTRY
Relationship information Online version:
Title Subaltern studies
Record control number (OCoLC)647111038
906 ## - LOCAL DATA ELEMENT F, LDF (RLIN)
a 7
b cbc
c serials
d 3
e ncip
f 19
g n-oclcserc
942 ## - ADDED ENTRY ELEMENTS (KOHA)
Source of classification or shelving scheme Dewey Decimal Classification
Koha item type Books
Holdings
Withdrawn status Lost status Source of classification or shelving scheme Damaged status Not for loan Collection code Home library Current library Shelving location Date acquired Source of acquisition Serial Enumeration / chronology Total Checkouts Full call number Barcode Date last seen Copy number Price effective from Koha item type Public note
    Dewey Decimal Classification   Not For Loan Non-fiction Asiatic Society Library Asiatic Society Library Harrison Collection 10/12/2020 Donated by Prof. John B. Harrison V-1   954 SUB 101715 10/12/2020 C-1 10/12/2020 Books RARE
    Dewey Decimal Classification     Non-fiction Asiatic Society Library Asiatic Society Library General Stacks 02/27/2021 ASB Library Collections V-1   954 SUB 106623 02/27/2021 C-2 02/27/2021 Books RARE

Powered by Koha